1017 1281 1642 1985 1706 1730 1294 1236 1094 1010 1567 1342 1831 1189 1088 1879 1804 1498 1060 1769 1947 1297 1898 1422 1639 1211 1069 1665 1743 1053 1179 1938 1092 1430 1918 1921 1698 1104 1751 1588 1960 1596 1354 1929 1115 1928 1915 1278 1299 1160 1908 1081 1298 1201 1712 1439 1589 1699 1296 1039 1610 1706 1832 1532 1693 1348 1772 1205 1614 1119 1196 1996 1593 1729 1323 1300 1735 1458 1990 1697 1682 1282 1474 1524 1895 1413 1200 1877 1104 1683 1373 1360 1988 1674 1809 1660 1417 1945 1431 BCNSPRNW ULIB Ver.6.0+V

เปลี่ยนเป็นภาษาไทย

Change to English
 แสดงรายละเอียดบรรณานุกรม
  กลับหน้าหลัก

Brief Record : Get Marc (ISO 2709) : E-mail record : QR code < ปิดหน้าต่าง
LEADER : 00000nam 2200000uu 4500
001    13399111565
003     ULIB
008    110701s||||||||th 000 0 tha d
020    9786167381091 (ล.1)
050  4 BQ4570.M4^bพ358ธ 2553
100 0  พระมหาบุญมี มาลาวชิโร (พวงเพชร)
245 10 ธรรมะรักษาโรค เล่ม 1/^cณเสฏฐ์ ธนาวิสฐพล ; นักรบพิม์ขาว,บรรณาธิการ
260    กรุงเทพฯ :^bThink beyond,^c2553
300    2 เล่ม ;^c21 ซม.
650  7 ธรรมะกับชีวิตประจำวัน
650  7 พุทธศาสนา^xรักษา
650  7 การปฏิบัติธรรม
700 0  นักรบ พิมพ์ขาว,^eบรรณาธิการ
700 0  ณเสฏฐ์ ธนาวิสฐพล
945    ^p185^l0^i028888
945    ^p185^l0^i027988
945    ^p185^l0^i028889
995    ทศพร
999 ^a ใช้งานได้ทุกระบบ
รายการนี้ยังไม่มีแท็ก
คุณยังไม่ได้ล็อกอิน คุณสามารถมีกิจกรรมร่วมกับเว็บไซต์ได้ แต่ต้องล็อกอินก่อน ::
  ล็อกอิน

รายการสื่อสารสนเทศ

ลำดับที่ ประเภท เลขเรียก/บาร์โค้ด สถานที่ สถานะ
- ไม่พบข้อมูล -

รายการใกล้เคียง
    ผู้แต่ง [พระมหาบุญมี มาลาวชิโร (พวงเพชร)]

    หัวเรื่อง [ธรรมะกับชีวิตประจำวัน]
    หัวเรื่อง [การปฏิบัติธรรม]

BibComment


ยังไม่เคยถูกคอมเมนท์

คอมเมนท์ทรัพยากรรายการนี้
  คอมเมนท์: ธรรมะรักษาโรค เล่..


 Copyright 2026. Bcnsprnw @Library